-δεν άνθησαν ματαίως : ανθολογία υπερρεαλισμού
Αποθηκεύτηκε σε:
| Κύριος συγγραφέας: | |
|---|---|
| Μορφή: | Βιβλίο |
| Γλώσσα: | Greek |
| Δημοσίευση: |
Αθήνα :
Νεφέλη,
1980
|
| Έκδοση: | 3η εκδ. |
| Θέματα: | |
| Ετικέτες: |
Προσθήκη ετικέτας
Δεν υπάρχουν, Καταχωρήστε ετικέτα πρώτοι!
|
MARC
| LEADER | 00000nam a2200000 i 4500 | ||
|---|---|---|---|
| 001 | 1/88272 | ||
| 008 | 931209s1980 gre d | ||
| 035 | |a 1990 |b 1 |c Αγορά/Αναγνωστοπούλου |l 10035459 | ||
| 040 | |a GR-MY-UA |b gre |e aacr | ||
| 041 | 0 | |a gre | |
| 082 | 0 | |a 889.0801 | |
| 100 | 1 | |a Αμπατζοπούλου, Φραγκίσκη, |d 1944- | |
| 245 | 1 | 0 | |a -δεν άνθησαν ματαίως : |b ανθολογία υπερρεαλισμού / |c Φραγκίσκη Αμπατζοπούλου |
| 250 | |a 3η εκδ. | ||
| 260 | |a Αθήνα : |b Νεφέλη, |c 1980 | ||
| 300 | |a 411 σ. | ||
| 650 | 0 | 0 | |a Surrealism (Literature) |z Greece. |
| 650 | 0 | 0 | |a Surrealism (Literature) |
| 852 | |a INST |b RHODES |e 19931209 |h 889.0801 ΑΜΠ |p 005400003080 |q 005400003080 |t BK |y 0 | ||
| 909 | |a Ρ |b 015897 |c 1990 | ||